[Event "TUR Cup"]
[Site "Adapazari"]
[Date "2022.03.28"]
[Round "5"]
[White "Turkoglu, Cihat"]
[Black "Gur, Tuba"]
[Result "1-0"]
[WhiteElo "2071"]
[BlackElo "1667"]
[PlyCount "97"]
[EventDate "2022.03.25"]
[EventType "swiss"]
[EventRounds "11"]
[EventCountry "TUR"]
[SourceTitle "EXT 2023"]
[Source "ChessBase"]
[SourceDate "2022.10.05"]
[SourceVersion "1"]
[SourceVersionDate "2022.10.05"]
[SourceQuality "1"]

1. e4 c5 2. Nf3 Nc6 3. d4 cxd4 4. Nxd4 e5 5. Nb5 a6 6. Nd6+ Bxd6 7. Qxd6 Qe7 8. Qd1 Nf6 9. Nc3 h6 10. Bc4 Qb4 11. Bd3 d5 12. exd5 Nxd5 13. Bd2 Nf4 14. Bxf4 exf4 15. 0-0 Be6 16. Rb1 Rd8 17. a3 Qe7 18. Re1 Nd4 19. Re4 Qf6 20. Qg4 g5 21. Qh5 f3 22. Re3 0-0 23. Ne4 Qg7 24. c3 f5 25. Nc5 Bf7 26. Qh3 f4 27. Ree1 Ne2+ 28. Bxe2 fxe2 29. Rxe2 Qg6 30. Rbe1 Rfe8 31. Rxe8+ Rxe8 32. Rxe8+ Bxe8 33. Qd3 Qxd3 34. Nxd3 Kf7 35. f3 Bb5 36. c4 Ba4 37. Nc1 Bc2 38. Kf2 Ke6 39. Ke2 Kd6 40. Kd2 Bf5 41. Nd3 h5 42. h4 Ke6 43. hxg5 Bxd3 44. Kxd3 Kf5 45. c5 Kxg5 46. Ke4 a5 47. b4 a4 48. b5 b6 49. c6 1-0

[Event "Adana Ataturk op"]
[Site "Adana"]
[Date "2006.11.06"]
[Round "1"]
[White "Aroshidze, Levan"]
[Black "Turkoglu, Cihat"]
[Result "1-0"]
[WhiteElo "2522"]
[BlackElo "2196"]
[PlyCount "58"]
[EventDate "2006.11.06"]
[EventType "swiss"]
[EventRounds "8"]
[EventCountry "TUR"]
[SourceTitle "CBM 115 Extra"]
[Source "ChessBase"]
[SourceDate "2007.01.10"]
[SourceVersion "1"]
[SourceVersionDate "2007.01.10"]
[SourceQuality "1"]

1. e4 e5 2. Nf3 d6 3. d4 Bg4 4. dxe5 Bxf3 5. Qxf3 dxe5 6. Bc4 Nf6 7. Qb3 Bc5 8. Bxf7+ Kf8 9. Bd5 Nxd5 10. exd5 Bb6 11. 0-0 Nd7 12. Nc3 Qf6 13. Be3 g5 14. Ne4 Qg6 15. Nxg5 Ke7 16. Ne6 Rag8 17. g3 h5 18. Qb4+ Ke8 19. Bxb6 Nxb6 20. Qc3 Nxd5 21. Qxe5 Kf7 22. Rfe1 c6 23. c4 Qf6 24. cxd5 Qxe5 25. Rxe5 cxd5 26. Nf4 d4 27. Rae1 h4 28. Rf5+ Kg7 29. Ree5 Ra8 1-0